000 00741nam0a22002291 4500
001 rc\801944
005 20260406064306.0
035 _a(NLR Aleph) 005986102
090 _a7079140
_c7079140
100 _a20041129d1984 |||y0rusy50 ca
101 0 _arus
102 _aRU
105 _aa |||||||||
200 1 _aВеселая прогулка
_eСтихи
_e[Для дошк. возраста]
_fРис. Е. Аносова
210 _aЛ.
_cДет. лит.
_d1984
215 _a[36] с.
_cцв. ил.
_d28
700 1 _4070
_8rus
_7ca
_aКушнер
_bА. С.
_gАлександр Семенович
_f1936-
_3RU\NLR\auth\7723893
_96946
801 0 _aRU
_bNLR
_gpsbo
801 1 _aRU
_bELAR
_2rusmarc
852 _aNLR
_j85-8/38
942 _cBOOK
980 _aNB